Loading...
Fine Arts - Other Arts | 0 | 3 | 0 | 1 | 30 | 115 | 122.00 | 1 | 3 |
Auditory Arts | 0 | 3 | 1 | 3 | 25 | 115 | 126.67 | 0 | 0 |
Visual Arts | 1 | 2 | 2 | 0 | 25 | 74 | 100.33 | 2 | 3 |
Geography | 0 | 2 | 0 | 2 | 20 | 114 | 115.50 | 0 | 0 |
Philosophy | 0 | 1 | 0 | 0 | 10 | 72 | 72.00 | 1 | 1 |
Other Academic | 0 | 1 | 0 | 1 | 10 | 111 | 111.00 | 0 | 0 |
Science - Chemistry | 0 | 1 | 0 | 0 | 10 | 106 | 106.00 | 1 | 1 |
Beliefs | 0 | 1 | 1 | 1 | 5 | 123 | 123.00 | 0 | 1 |
History - European History | 0 | 0 | 0 | 0 | 0 | 0.00 | 0 | 0 | |
Literature - European Literature | 0 | 0 | 0 | 0 | 0 | 0.00 | 0 | 0 | |
Social Science | 0 | 0 | 1 | 0 | -5 | 0.00 | 0 | 0 | |
History - Ancient History | 0 | 0 | 1 | 0 | -5 | 0.00 | 0 | 0 | |
Science - Physics | 0 | 0 | 1 | 0 | -5 | 0.00 | 0 | 0 |